Представление документа в формате MARC21

Поле Инд. ПП Название Значение
Тип записи a
Библиографический уровень b
001 Контрольный номер UNIDUBNA2036d9ec1b0540bfb534f218f0faaf28
005 Дата корректировки 20230112115231.7
084 a Индекс другой классификации/Индекс ББК 60.9; 88.93-69
100 1_ a Автор Космакова И. Э.
245 10 a Заглавие Роль копинг-стратегий в профессиональной деятельности работников социальной сферы
520 0_ a Аннотация О результатах пилотного исследования продуктивности копинг-стратегий работников учреждений социального обслуживания. Подчеркивается, что продуктивные копинг-стратегии помогают специалистам профилактировать синдром эмоционального выгорания, быстро справляться с поставленными задачами, снижать уровень стресса в кризисных ситуациях. Дано определение понятия "копинг". Выделены три основных подхода к определению копинг-поведения. Сделана попытка классификации типов копинг-стратегий.
650 04 a Основная рубрика практическая психология (прикладная психология)
a Основная рубрика психокоррекция
a Основная рубрика психология
a Основная рубрика социальная работа
653 0_ a Ключевые слова когнитивное напряжение
a Ключевые слова копинг-поведение
a Ключевые слова копинг-ресурсы
a Ключевые слова копинг-стратегии
a Ключевые слова преодоление стресса
a Ключевые слова профессиональная деятельность
a Ключевые слова психологическая защита
a Ключевые слова синдром эмоционального выгорания
a Ключевые слова социальный работник
a Ключевые слова стрессоустойчивость
a Ключевые слова эмоциональное напряжение
773 18 t Заглавие источника Работник социальной службы
d Дата издания источника 2022
g Прочая информация № 1. - С. 137 - 143
w Контрольный № источника UNIDUBNA9e96213a981e4497ab79b1f09ac6e1d9
901 t Тип документа b